Представление документа в формате MARC21

Поле Инд. ПП Название Значение
Тип записи a
Библиографический уровень m
001 Контрольный номер 483bce7e-ae3b-4072-bfa7-0bad5332a9d1
005 Дата корректировки 20140703173715.1
008 Кодируемые данные 090320
020 a ISBN 5-94774-337-X
a ISBN 0-201-40825-2 (англ.)
a ISBN 0-201-32842-9 (англ.)
c Цена, тираж 157.00
040 a Служба первич. каталог. НБ ТвГУ
041 a Код языка текста rus
080 a Индекс УДК 53
084 a Индекс другой классификации/Индекс ББК В3
090 x Авторский знак Ф36
a Полочн. индекс В3
100 1_ a Автор Фейнман Ричард П.
245 10 a Заглавие Дюжина лекций
b Продолж. заглавия шесть попроще и щесть посложнее
c Ответственность Р. Фейнман ; пер. с англ. Е. В. Фалева и В. А. Носенко
260 0_ a Место издания Москва
b Издательство БИНОМ. Лаб. знаний
c Дата издания 2006
300 a Объем 318 с.
b Иллюстрации/ тип воспроизводства ил.
500 a Примечание Доп. тит. л. англ.
504 a Библиография Предм. указ.: с. 313-318.
583 a Действие Получение впервые 26 19.03.2009
k Исполнитель действия ООО "БИНОМ"
650 a Основная рубрика Физика
653 a Ключевые слова Физика
a Ключевые слова Лекции
700 1_ a Другие авторы Фалев Е. В.
e Роль лиц пер.
700 1_ a Другие авторы Носенко В. А.
e Роль лиц пер.
852 t Порядковый номер экземпляра 2
p Инвентарный номер 929551
p Инвентарный номер 929552
863 t 00185021
863 t 00185022
888 a За счет средств университета
930 a Новая/Ретро лекции
952 p 26.2009 157.00 1 929551
p 26.2009 157.00 1 929552
c Вид литературы К ру
954 a Дата поступления на обработку 20090324
999 a Подразделение 2 Фил3